Tragicomedia : μαζικά σχόλια και μοναχικοί αφορισμοί
Αποθηκεύτηκε σε:
| Κύριος συγγραφέας: | |
|---|---|
| Μορφή: | Βιβλίο |
| Γλώσσα: | Greek |
| Δημοσίευση: |
Αθήνα :
Opera,
1999
|
| Θέματα: | |
| Ετικέτες: |
Προσθήκη ετικέτας
Δεν υπάρχουν, Καταχωρήστε ετικέτα πρώτοι!
|
MARC
| LEADER | 00000nam a2200000 i 4500 | ||
|---|---|---|---|
| 001 | 1/28252 | ||
| 008 | 021025s1999 gre d | ||
| 020 | |a 960-7073-51-7 | ||
| 035 | |l 10068584 | ||
| 040 | |a GR-MY-UA |b gre |e aacr | ||
| 041 | 0 | |a gre | |
| 082 | 0 | |a 302.23 | |
| 100 | 1 | |a Ευσταθιάδης, Γιάννης. | |
| 245 | 1 | 0 | |a Tragicomedia : |b μαζικά σχόλια και μοναχικοί αφορισμοί / |c Γιάννης Ευσταθιάδης |
| 260 | |a Αθήνα : |b Opera, |c 1999 | ||
| 300 | |a 213 σ.; |c 21 εκ. | ||
| 650 | 0 | 0 | |a Mass media |z Greece. |
| 852 | |a INST |b LESVOS |e 20021025 |h 302.23 ΕΥΣ |p 005100024953 |q 005100024953 |t BK |y 0 | ||
| 901 | |a BIBL1-2002-3 | ||
| 909 | |a Λ |b 102612 | ||
| 970 | |a ΚΑΜΑΤΣΟΥ |b ΔΕΣΠΟΙΝΑ |z 2002/10/25 | ||